000 00928nam a2200265 a 4500
001 BRCA_7868
005 20190320210030.0
008 191113s1956----sp-a###f##---#001-0#spa-#
041 _aspa
044 _asp
050 4 _aNK4123
_b.A77
_c1956
100 1 _aDurán Sanpere, Agustín
_919467
245 1 0 _aArs Hispaniae
_bEscultura gótica
_cPor Agustín Durán Sanpere y Juan Ainaud de Lasarte.
260 _aMadrid
_bPlus Ultra
_c1956
300 _a409 p.
_bil. (algunas a color), 375 láminas
_c29 cm.
500 _aY118
500 _aVer también AA67, T64 e Y117
504 _aBibliografía p.391-404
505 0 _aContenido: V.8. La escultura gótica del siglo XIII. La escultura hispano-flamenca.
650 1 4 _aPintura gótica
_vSiglo XIII
_zEspaña
_919468
650 1 4 _aEscultura hispano-flamenca
_vCatálogos
_zEspaña
_919469
700 1 _aAinaud de Lasarte, Juan
_ecoaut.
_919470
902 _aGFM
942 _2lcc
_cB
999 _c7542
_d7542